| 000 | 00000nam 2200000za 4500 |
| 001 | 9.694257 |
| 003 | CaOODSP |
| 005 | 20210827134546 |
| 007 | cr ||||||||||| |
| 008 | 150407|1993||||xxc|||||o f|0| 0 eng d |
| 040 | |aCaOODSP|beng |
| 043 | |an-cn--- |
| 086 | 1 |aH14-57/1993E-PDF |
| 110 | 1 |aCanada. |bNational Health and Welfare. |
| 245 | 10|a[Still making a difference] : |h[electronic resource]|b[the impact of the Health Promotion Directorate's social marketing campaigns (1992-1993)] |
| 250 | |a[Third edition] |
| 260 | |aOttawa - Ontario : |bNational Health and Welfare |c[1993]. |
| 300 | |a84p.|bgraphs, illus., tables |
| 500 | |aFor an earlier edition of this publication, see H14-57/1992E-PDF. |
| 520 | 3 |a"This report, Still Making a Difference, updates and replaces the 1991-92 publication entitled Making a Difference II. It presents an overview of the federal health promotion social marketing campaigns and summarizes campaign evaluations conducted since the 1991-92 release of Making a Difference II."--Introduction, p. 1. |
| 590 | |a11-05-Supp|b2011-03-15 |
| 690 | 07|aAdolescents|2gcpds |
| 690 | 07|aHealth promotion|2gcpds |
| 690 | 07|aSocial programs|2gcpds |
| 775 | 08|tUne entreprise toujours fructueuse : |w(CaOODSP)9.638433 |
| 795 | |tMaking a difference II : |w(CaOODSP)9.694259 |
| 856 | 40|ahttp://publications.gc.ca|qPDF|s467 KB|uhttps://publications.gc.ca/collections/collection_2011/sc-hc/H14-57-1993-eng.pdf |